Tiruchirappalli Int. Airport Destinations (Tiruchirappalli, India) - Statistics

General Stats
  • This quiz has been taken 36 times
    15 since last reset
  • The average score is 12 of 15
Answer Stats
Airline Destination % Correct
Air India Express/IndiGo Bengaluru
100%
IndiGo Chennai
100%
SriLankan Airlines Colombo (Bandaranaike)
100%
IndiGo Delhi
100%
AirAsia/Batik Air Malaysia Kuala Lumpur (International)
100%
IndiGo Mumbai
100%
Air India Express/IndiGo/Scoot Singapore
100%
IndiGo Hyderabad
89%
Air India Express Abu Dhabi
78%
Air India Express Dubai (International)
78%
Air India Express Doha
67%
Air India Express Sharjah
56%
Air India Express Muscat
44%
Air India Express Thiruvananthapuram
44%
IndiGo Jaffna
33%
No matching quizzes found
Score Distribution
Percent of People with Each Score
Percentile by Number Answered
Your Score History
You have not taken this quiz since the last reset